Komplexná prestavba hospodárskeho mechanizmu a jej realizácia v ČSSR

Enregistré dans:
Détails bibliographiques
Format: Livre
Langue:slovaque
Publié: Bratislava Pravda 1988
Édition:1. vyd.
Collection:Na pomoc politickej agitácii
Tags: Ajouter un tag
Pas de tags, Soyez le premier à ajouter un tag!

MARC

LEADER 00000nam a2200000 4500
001 c035667
005 20250507080332.8
041 0 |a slo 
044 |a SK 
245 1 0 |a Komplexná prestavba hospodárskeho mechanizmu a jej realizácia v ČSSR 
250 |a 1. vyd. 
264 1 |a Bratislava  |b Pravda  |c 1988 
300 |a 140 s. 
490 1 |a Na pomoc politickej agitácii 
830 0 |a Na pomoc politickej agitácii